Responses for show #3995 - Friday, January 4, 2002

Mark Lee game 4.

Contestants

Kim Tavares, a promotions associate originally from Hamilton, Ohio

Doug Plazak, an attorney from Anaheim Hills, California

Mark Lee, a sales manager originally from Peoria, Illinois (whose 3-day cash winnings total $58,000)

Jeopardy! Round responses

FREEDOM FIGHTERS
MUSIC FOR YOUR FISH
ALL THINGS INDONESIAN
STRICTLY BUSINESS
THEATRE CROSSWORD CLUES "M"
TOUGH POTPOURRI
    $200 3
Mexico

Mark
    $200 16
"Joy To The World"

Mark
    $200 8
volcano

Doug
    $200 14
Gillette

Mark
    $200 21
Mousetrap

Doug
    $200 1
(Mark: What's an island?)
(Doug: What's a dam?)

reef

MarkDoug
Triple Stumper
    $400 4
U.C. Berkeley

Doug
    $400 17
"Octopus's Garden"

Mark
    $400 9
sarong

Mark
    $400 15
eBay

Kim
    $400 23
Menagerie

Doug
    $400 2
(Doug: What's a septuagenarian?)
(Kim: What is a centenarian?)

nonagenarian

DougKim
Triple Stumper
    $600 5
Medal of Freedom

Doug
    $600 18
"Take Me To The River"

Mark
    $600 10
(Mark: What's a komono dragon?)
(Doug: What is an iguana?)

komodo dragon

MarkDoug
Triple Stumper
    $600 22
M's

Kim
    $600 26
Morgan

Doug
    $600 11
falconry

Mark
    $800 6
Americans with Disabilities Act

Triple Stumper
    $800 19
"Rock Lobster"

Kim
    $800 24
(Doug: What is Jakarta?)

Bali

Doug
Triple Stumper
    $800 12
Keats

Mark
    $800 7
(Thurgood) Marshall

Doug
    $1000 20
"Barracuda"

Kim
    $1000 25
Sukarno

Doug
    $1000 13
Meriwether Lewis

Triple Stumper

Scores at the first commercial break (after clue 11):

Mark Doug Kim
$400 $800 -$400

Scores at the end of the Jeopardy! Round:

Mark Doug Kim
$2,600 $2,200 $2,400

Double Jeopardy! Round responses

CHEMISTRY
MOVIE TITLE ROLES
3-WORD LITERARY QUOTES
RHINE TIME
YES, SIR!
SOUNDS LIKE AN OBSCURE ROCK BAND
    $400 26
litmus paper

Kim
    $400 1
Sissy Spacek

Mark
    $400 16
Call me Ishmael.

Doug
    $400 11
Switzerland

Doug
    $400 6
Newton

Kim
    $400 14
quirks

Doug
    $800 27
2

Kim
    $800 2
Meryl Streep

Mark
    $800 19
Et tu, Brute?

Kim
    $800 12
Black Forest

Mark
    $800 7
(Mark: Who is Buckingham?)

Sir Francis Drake

Mark
Triple Stumper
    $800 15
supertitles

Triple Stumper
    $1200 28
fermentation

Mark
    $1200 3
Demi Moore

Mark
    $1200 20
Cogito ergo sum

Triple Stumper
    $1200 13
1936

Doug
    $1,000 8
(Kim: I don't know.)

Sir Thomas More

Kim
    $1200 17
(Mark: What are [*] ?)
(Alex: Be more specific.)

soft-shelled crabs

Mark
    $1600 4
Whitney Houston

Kim
    $1600 21
grace under pressure

Mark
    $1,500 23
Cologne

Mark
    $1600 9
Sir Walter Raleigh

Doug
    $1600 18
Chinese restaurant syndrome

Triple Stumper
    $2000 5
Loretta Young

Mark
    $2000 22
Howard Roark laughed.

Triple Stumper
    $2000 24
(Doug: What is Amsterdam?)
(Kim: What is Antwerp?)

Rotterdam

DougKim
Triple Stumper
    $2000 10
(Mark: Who is Tennyson?)

Sir Walter Scott

Mark
Triple Stumper
    $2000 25
bleeding hearts

Triple Stumper

Scores at the end of the Double Jeopardy! Round:

Mark Doug Kim
$10,500 $4,200 $3,400
(lock game)

[wagering suggestions for these scores]

Final Jeopardy! Round responses

19th CENTURY PRESIDENTS
KimWho is Cleveland?
$400
DougWho is Grover Cleveland?
$4,000
MarkWho is G Grant
$1,000
Grover Cleveland

Final scores:

Mark Doug Kim
$9,500 $8,200 $3,800
4-day champion: $67,500 2nd place: Trip to Los Cabos, Mexico 3rd place: Trip to Florida

Game dynamics:

Coryat scores:

Mark Doug Kim
$10,600 $4,400 $4,400
17 R
(including 1 DD),
4 W
13 R
(including 1 DD),
5 W
9 R,
3 W
(including 1 DD)

Combined Coryat: $19,400

The J! Archive is created by fans, for fans. The Jeopardy! game show and all elements thereof, including but not limited to copyright and trademark thereto, are the property of Jeopardy Productions, Inc. and are protected under law. This website is not affiliated with, sponsored by, or operated by Jeopardy Productions, Inc. Join the discussion at JBoard.tv.